Statistics for Most Guessed European Countries Quiz

Click here to take the quiz!

General Stats

  • This quiz has been taken 65 times
  • The average score is 10 of 10

Answer Stats

%Country% Correct
99United Kingdom
100%
99France
100%
98Germany
100%
98Spain
100%
98Italy
98%
97Sweden
97%
96Portugal
97%
97Ireland
91%
96Russia
89%
96Norway
88%

Score Distribution

Percentile by Number Answered

Percent of People with Each Score

Your Score History

You have not taken this quiz